000 00823nam a22002777a 4500
003 CHAP
005 20220329134205.0
008 971013s r 00010 d
010 _a16712
011 _a17684
035 _a21767
040 _cCHAP
090 _aR-1846
100 0 0 _aHuber, D. M.
_956609
245 _aNitrogen form and plant disease
500 _aSobretiro de : Annual Review of Phytopathology. 12:139-165, 1974
590 _aBATCH-UPD
_b10
_c20130110
_lUCH01
_h1549
590 _aBATCH-UPD
_b10
_c20130410
_lUCH01
_h0947
590 _aBATCH-UPD
_b10
_c20130914
_lUCH01
_h1413
590 _aCONVERSION
_b10
_c20130109
_lUCH01
_h1310
650 1 4 _aFitopatología.
_941161
650 1 4 _aNitrógeno en plantas.
_981476
901 _aBK
942 _cFOLL
949 _aR-1846
_bBC
_cFOLL
_d-50620
_eTS1
_i21767
_si
999 _c16712
_d16712